000 00591nam a2200205Ia 4500
008 131103s9999 xx 000 0 und d
040 _aLoreto College
041 _aEnglish
082 _aRef/MAC
_bLCBED/11161
100 _aMcloone - Basta,Margo
245 _aChildren's treasury of records and facts
_cMargo McLoone - Basta,Alice Siegel and Edward Fox
260 _aNew Delhi
_bGaurav
_c[19?]
300 _a244 p.
_c 20 cm.
440 _aThe World Knowledge
504 _aIncludes index
650 _aChildren
700 _aSiegel,Alice
850 _aLCBED/Ref/MAC
942 _cBK
999 _c31055
_d81534